000 00801nam a2200265 a 4500
008
020 _a0521552877 (cased)
049 _aMAIN
090 _aQC174.17.S9
100 1 _aD'Eath, P. D.
245 1 0 _aSupersymmetric quantum cosmology /
_cP.D. D'Eath.
260 _aCambridge :
_bCambridge University Press,
_c1996.
300 _axiv, 252 p. :
_bill. ;
_c26 cm.
440 0 _aCambridge monographs on mathematical physics.
504 _aIncludes bibliographical references: p. 241-250.
500 _aIncludes index.
650 0 _aCosmology.
650 0 _aQuantum theory.
650 0 _aSupersymmetry.
907 _a.b10012564
_b09-02-04
_c17-04-03
003
005 20230123133619.0
040 _cNUST
942 _cBOOKS
_kQC174.17.S9
999 _c151651
_d151651